Encounters in the new world (Registro nro. 306396)

Detalles MARC
000 -ENCABEZADO
Número de control [NR] 01698cam a2200385Ma 4500
001 - NÚMERO DE CONTROL
control field ocn566858650
005 - FECHA Y HORA DE LA ÚLTIMA TRANSACCIÓN
control field 20170712074205.0
008 - DE LONGITUD FIJA DE DATOS DE ELEMENTOS - INFORMACIÓN GENERAL
Elementos de longitud fija [NR] 170419s1999 xxuab fr 001 0 eng d
010 ## - NUMERO DE CONTROL DE LA BIBLIOTECA DEL CONGRESO (LC) [NR]
Número de control LC [NR] 99045335
020 ## - NUMERO INTERNACIONAL NORMALIZADO PARA LIBROS [R]
ISBN Cancelado/ Invalidado [R] 0195105133
020 ## - NUMERO INTERNACIONAL NORMALIZADO PARA LIBROS [R]
Número Internacional Normalizado del libro [NR] 9780195105131
020 ## - NUMERO INTERNACIONAL NORMALIZADO PARA LIBROS [R]
ISBN Cancelado/ Invalidado [R] 0195154916
020 ## - NUMERO INTERNACIONAL NORMALIZADO PARA LIBROS [R]
Número Internacional Normalizado del libro [NR] 9780195154917
040 ## - FUENTE DE CATALOGACION [NR]
Agencia de catalogación original [NR] Co-BoUCM
Idioma de catalogación [NR] eng
Quien Cataloga Saul Niño
Quien Clasifica Saul Niño
041 0# - CODIGO DE IDIOMA [R]
Código de idioma para texto/pista de sonido o título separado [R] Inglés
245 00 - MENCION DE TITULO [NR]
Título [NR] Encounters in the new world
Parte restante del título [NR] a history in documents
Mención de responsabilidad, etc. [NR] Jill Lepore
260 ## - PUBLICACION, DISTRIBUCION, ETC. (PIE DE IMPRENTA) [R]
Lugar de publicación, distribución, etc. [R] New York (Estados Unidos)
Nombre del editor, distribuidor, etc. [R] Oxford University Press
Fecha de publicación, distribución, etc. [R] 1999
300 ## - DESCRIPCION FISICA [R]
Extensión [R] 175 páginas
490 0# - MENCION DE SERIE [R]
Mención de serie [R] Pages from history
504 ## - NOTA DE BIBLIOGRAFIA, ETC. [R]
Nota de bibliografía, etc. [NR] Incluye referencias bibliográficas e índices
520 ## - NOTA DE RESUMEN, ETC. [R]
Nota de sumario, etc. [NR] A collection of documents illustrating encounters between Native American peoples and a variety of European newcomers from the fifteenth to the eighteenth centuries. Includes maps, journals, advertisements, and letters.
546 ## - NOTA DE IDIOMA [R]
Nota de idioma [NR] Texto en inglés
600 ## - ASIENTO SECUNDARIO DE MATERIA - NOMBRE PERSONAL [R]
Nombre personal [NR] Vespucci, Americo
Fechas asociadas con el nombre [NR] 1454-1512
Subdivisión general [R] Itinerarios
9 (RLIN) 85224
650 #7 - ASIENTO SECUNDARIO DE MATERIA - TERMINO TEMATICO [R]
Término temático o nombre geográfico como elemento de entrada [NR] Indígenas de América Central
Subdivisión general [R] Historia
Subdivisión de forma [R] Fuentes
9 (RLIN) 17323
650 #7 - ASIENTO SECUNDARIO DE MATERIA - TERMINO TEMATICO [R]
Término temático o nombre geográfico como elemento de entrada [NR] Indígenas de América del Norte
Subdivisión general [R] Historia
Subdivisión de forma [R] Fuentes
9 (RLIN) 17324
650 #7 - ASIENTO SECUNDARIO DE MATERIA - TERMINO TEMATICO [R]
Término temático o nombre geográfico como elemento de entrada [NR] Comunidades indígenas
9 (RLIN) 11418
651 ## - ASIENTO SECUNDARIO DE MATERIA - NOMBRE GEOGRAFICO [R]
Nombre geográfico [NR] América Central
Subdivisión general [R] Descripciones y viajes
Subdivisión de forma [R] Fuentes
9 (RLIN) 85225
651 ## - ASIENTO SECUNDARIO DE MATERIA - NOMBRE GEOGRAFICO [R]
Fuente del encabezamiento o término [NR] América Central
Subdivisión general [R] Descubrimiento y exploraciones
Subdivisión de forma [R] Fuentes
9 (RLIN) 85226
651 ## - ASIENTO SECUNDARIO DE MATERIA - NOMBRE GEOGRAFICO [R]
Nombre geográfico [NR] América del Norte
Subdivisión general [R] Descripciones y viajes
Subdivisión de forma [R] Fuentes
9 (RLIN) 85227
651 ## - ASIENTO SECUNDARIO DE MATERIA - NOMBRE GEOGRAFICO [R]
Nombre geográfico [NR] América del Norte
Subdivisión general [R] Descubrimiento y exploraciones
Subdivisión de forma [R] Fuentes
9 (RLIN) 85228
690 #0 - ASUNTO AGREGADO LOCAL DE ENTRADA - TÉRMINO TEMÁTICO (OCLC, RLIN)
Acceso temático local Historia universal
9 (RLIN) 16951
700 1# - ASIENTO SECUNDARIO - NOMBRE PERSONAL [R]
Nombre personal [NR] Lepore, Jill
Fechas asociadas con el nombre [NR] 1966-
9 (RLIN) 82902
942 ## - ELEMENTOS DE ENTRADA AGREGADOS (KOHA)
Sistema de clasificación DEWEY
Tema principal Historia
Tipo de ítem principal el descrito en 300a Libro
Edición 1
Clasificación 970.00497
Parte restante de la signatura top. L598e
Existencias
Total préstamos Signatura topográfica Código de barras Última vez visto Ejemplar Costo de reposición Price effective from Tipo de ítem Perdido Sistema de clasificación Dañado No prestable Tipo de ítem específico Suprimido Ubicación habitual Ubicación actual Localización Fecha de creación Proveedor Forma de adquisición Costo
  970.00497 L598e 100152931 10/12/2025 Ej.1 101150.00 04/04/2017 Libro   DEWEY     Libro   Claustro Claustro 2do piso 04/04/2017 15 Compra 101150.00